000 nam a22 a 4500
999 _c4395
_d4395
003 AKMAL
005 20170529154332.0
008 170529s2006 my | e l 000 0 may d
020 _a9678916975 (jil. 2 : kkt.)
040 _cAKMAL
049 _amal
082 0 4 _a340.09595 MAL
_222
090 0 0 _a340.09595
_bMAL
110 1 _aMalaysia
_9400
245 1 0 _aUndang-Undang Am Malaysia :
_b(hingga 20hb Julai 2006) /
_cdisusun oleh Lembaga Penyelidikan Undang-Undang
260 _aPetaling Jaya :
_bInternational Law Book Services,
_c2006
300 _ai, 687ms. ;
_c24cm.
440 0 _aUNDANG-UNDANG MALAYSIA
_98558
650 1 0 _aLaw
_zMalaysia
_9450
710 2 _aLembaga Penyelidikan Undang-Undang
_98559
942 _2ddc
_cBOOK